00710nam a22001937a 450000500170000000800410001702000150005805000240007310000230009724501090012025000110022926000370024030000200027749000380029765000670033565000550040270000280045770000310048520251111103732.0211108t mx gr|||| 00| 0 spa|d a968411097904aHD6534.M6bB47 19831 aBesserer, Federico13aEl sindicalismo minero en México 1900-1952 c / Federico Besserer, Victoria Novelo, Juan Luis Sariego. a1a ed. aMéxico :bEdiciones Era,c1983 a94 p. ;c20 cm.0 aColección Problemas de México 72lembaMineros xSindicatos zMéxico xHistoria ySiglo XXv  7aClase trabajadoraxAsociaciones obreras zMéxico1 aNovelo, Victoriaeautor1 aSariego, Juan Luis eautor